|
|
|
|
| LEADER |
00000cam a2200000 7i4500 |
| 001 |
0000024587 |
| 005 |
20130107.0 |
| 008 |
121023s my # may |
| 020 |
|
|
|a 9789839863383
|
| 040 |
|
|
|a INS
|
| 090 |
0 |
0 |
|a SB996.S8
|b M35 2010
|
| 110 |
1 |
|
|a Malaysia.Kementerian Pertanian dan Industri Asas Tani
|
| 245 |
1 |
0 |
|a Garis panduan pembangunan industri burung walit (1GP)
|
| 260 |
|
|
|a Putrajaya :
|b Jabatan Perkhidmatan Veterinar, Kementerian Pertanian dan Industri Asas Tani Malaysia ,
|c 2010
|
| 300 |
|
|
|a vii, 67ms. :
|b il. ;
|c 21cm.
|
| 650 |
|
0 |
|a Birds
|x Economics aspects
|
| 650 |
|
0 |
|a Birds
|z Malaysia
|x Nests
|
| 651 |
|
0 |
|a Malaysia
|x Industry swallow
|
| 999 |
|
|
|a 1000000952
|b BOOK
|c Open Shelf
|e Default branch
|
| 999 |
|
|
|a 1000000953
|b BOOK
|c Open Shelf
|e Default branch
|